Molecular Genetic Pathology

Molecular Genetic Pathology presents up-to-date material containing fundamental information relevant to the clinical practice of molecular genetic pathology. Part I examines the clinical areas of molecular biology, genomics, pharmacogenomics and proteomics, while Part II covers the molecular areas o...

Πλήρης περιγραφή

Λεπτομέρειες βιβλιογραφικής εγγραφής
Συγγραφή απο Οργανισμό/Αρχή: SpringerLink (Online service)
Άλλοι συγγραφείς: Cheng, Liang (Επιμελητής έκδοσης), Zhang, David Y. (Επιμελητής έκδοσης)
Μορφή: Ηλεκτρονική πηγή Ηλ. βιβλίο
Γλώσσα:English
Έκδοση: Totowa, NJ : Humana Press, 2008.
Θέματα:
Διαθέσιμο Online:Full Text via HEAL-Link
LEADER 03357nam a22004695i 4500
001 978-1-59745-405-6
003 DE-He213
005 20151204152449.0
007 cr nn 008mamaa
008 100301s2008 xxu| s |||| 0|eng d
020 |a 9781597454056  |9 978-1-59745-405-6 
024 7 |a 10.1007/978-1-59745-405-6  |2 doi 
040 |d GrThAP 
050 4 |a RB1-214 
072 7 |a MMF  |2 bicssc 
072 7 |a MED067000  |2 bisacsh 
082 0 4 |a 616.07  |2 23 
245 1 0 |a Molecular Genetic Pathology  |h [electronic resource] /  |c edited by Liang Cheng, David Y. Zhang. 
264 1 |a Totowa, NJ :  |b Humana Press,  |c 2008. 
300 |a XII, 788 p. 392 illus., 274 illus. in color.  |b online resource. 
336 |a text  |b txt  |2 rdacontent 
337 |a computer  |b c  |2 rdamedia 
338 |a online resource  |b cr  |2 rdacarrier 
347 |a text file  |b PDF  |2 rda 
505 0 |a General Sections -- Principles of Clinical Molecular Biology -- Principles of Clinical Cytogenetics -- Diagnostic Methodology and Technology -- Tissue Microarrays and Biomarker Validation -- Laser Capture Microdissection -- Clinical Flow Cytometry -- Conceptual Evolution in Cancer Biology -- Clinical Genomics in Oncology -- Clinical Proteomics -- Clinical Pharmacogenomics -- Clonality Analysis in Modern Oncology and Surgical Pathology -- Fluorescence In Situ Hybridization (FISH) and Conventional Cytogenetics for Hematology and Oncology Diagnosis -- Instrumentation -- Genetic Inheritance and Population Genetics -- Genetic Counseling -- Disease-Based Sections -- Molecular Medical Genetics -- Prenatal Diagnosis -- Familial Cancer Syndromes -- Molecular Testing for Solid Tumors -- Molecular Pathology of the Central Nervous System -- Molecular Virology -- Molecular Bacteriology, Mycology, and Parasitology -- Molecular Testing for Coagulopathies -- Molecular Hemoglobinopathies -- Molecular Diagnostics of Lymphoid Malignancies -- Molecular Diagnostics of Myeloid Leukemias -- The HLA System and Transfusion Medicine -- Molecular Forensic Pathology -- Gene Therapy -- Ethical and Legal Issues in Molecular Testing -- Quality Assurance and Laboratory Inspection. 
520 |a Molecular Genetic Pathology presents up-to-date material containing fundamental information relevant to the clinical practice of molecular genetic pathology. Part I examines the clinical areas of molecular biology, genomics, pharmacogenomics and proteomics, while Part II covers the molecular areas of medical genetics, microbiology, hematology, transfusion medicine, oncology and forensic pathology. The volume provides a unique reference for the practicing pathologist and medical geneticist as well as a review book for residents and fellows in training in pathology, medical genetics and molecular genetic pathology. 
650 0 |a Medicine. 
650 0 |a Human genetics. 
650 0 |a Molecular biology. 
650 0 |a Pathology. 
650 1 4 |a Medicine & Public Health. 
650 2 4 |a Pathology. 
650 2 4 |a Human Genetics. 
650 2 4 |a Molecular Medicine. 
700 1 |a Cheng, Liang.  |e editor. 
700 1 |a Zhang, David Y.  |e editor. 
710 2 |a SpringerLink (Online service) 
773 0 |t Springer eBooks 
776 0 8 |i Printed edition:  |z 9781588299741 
856 4 0 |u http://dx.doi.org/10.1007/978-1-59745-405-6  |z Full Text via HEAL-Link 
912 |a ZDB-2-SME 
950 |a Medicine (Springer-11650)